Responses for Show #6535 - Friday, February 1, 2013

2013 Teen Tournament quarterfinal game 3.

Contestants

[<< previous game]

Olivia Hummer, a senior from Covina, California

William Crouch, a sophomore from Warner Robins, Georgia

Arjun Byju, a senior from Sarasota, Florida

[next game >>]

Jeopardy! Round responses

WORDS CONTAINING SILENT LETTERS
MYTHOLOGY
IT'S ELEMENTAL!
DISNEY MOVIES BY VILLAIN
(Alex: We'll give you the villains.)
NOT TO BE CONFUSED
HOMECOMING
    $200 25
an island

William
    $200 19
Jason

Olivia
    $200 1
helium

William
    $200 6
101 Dalmatians

William
    $200 8
chlorophyll

Arjun
    $200 16
Darwin

William
    $400 26
Wednesday

William
    $400 20
Achilles

Arjun
    $400 2
mercury

William
    $400 7
The Little Mermaid

Arjun
    $400 9
a mosaic

Olivia
    $400 17
Arizona

Olivia
    $600 27
a psychic

William
    $600 21
the Gordian knot

Triple Stumper
    $600 3
titanium

William
    $600 11
The Lion King

William
    $600 10
(Alex: It's [*], sort of like a tuba.)

a musical instrument

Triple Stumper
    $600 18
[Olivia shakes her head]
(Alex: No?)
(Olivia: No.)

Alexandre Dumas

Olivia
    $800 28
hours

Arjun
    $800 24
(William: Who is Mercury?)

Hermes

ArjunWilliam
    $800 4
sodium

William
    $800 12
Mulan

Olivia
    $800 14
Mussolini

Arjun
    $800 22
Mount Vernon

William
    $1000 29
a knife

Olivia
    $1000 30
a Minotaur

William
    $1000 5
(William: What is lead?)

arsenic

William
Triple Stumper
    $1000 13
Sleeping Beauty

William
    $1000 15
basalt

Triple Stumper
    $1000 23
(William: What is Oahu?)

Maui

William
Triple Stumper

Scores at the first commercial break (after clue 15):

Arjun William Olivia
$1,400 $2,800 $1,200

Scores at the end of the Jeopardy! Round:

Arjun William Olivia
$3,400 $4,200 $2,200

Double Jeopardy! Round responses

AMERICAN NOVELISTS
TV SHOW SUM-UP
"Y" IS THE ONLY VOWEL
(Alex: ...in each correct response.)
WORLD RIVERS
THE 113th CONGRESS
BAD LUCK?
    $400 17
(F. Scott) Fitzgerald

Arjun
    $400 6
The Puppy Bowl

William
    $400 1
a gym

William
    $400 11
(Alex: That's the river.)

the Amazon

Arjun
    $400 12
independent

Olivia
    $400 22
a mirror

Arjun
    $800 18
Cassandra Clare

Triple Stumper
    $800 7
Punk'd

William
    $800 2
shy

Olivia
    $800 20
(Alex: [*] is the country.)

Scotland

Arjun
    $800 13
(Arjun: What is a bulldog?)
(William: What is a hound?)

a watchdog

ArjunWilliamOlivia
    $800 23
hockey

Olivia
    $1200 19
R.L. Stine

Triple Stumper
    $1200 8
Once Upon A Time

William
    $1,000 3
myth

Olivia
    $1200 21
the Volga

Arjun
    $1200 14
Hispanic

William
    $1200 24
whistling

Olivia
    $1600 27
A Lesson Before Dying

Triple Stumper
    $1600 9
Arrow

William
    $1600 4
a crypt

Olivia
    $1600 29
the Yellow River

William
    $1600 15
(Elizabeth) Warren

Arjun
    $1600 25
Friday

Olivia
    $2000 28
(Alex: And the author is [*].)

Truman Capote

Triple Stumper
    $2000 10
(Alex: And that would be [*]--I haven't seen it, either.)

The Soup

Triple Stumper
    $2000 5
a tryst

Olivia
    $3,000 30
the Danube

William
    $2000 16
the Tea Party

Olivia
    $2000 26
(Alex: And they're referring to [*].)

the opal

Triple Stumper

Scores at the end of the Double Jeopardy! Round:

Arjun William Olivia
$7,400 $13,600 $14,400

Final Jeopardy! Round responses

THE PLANETS
(Alex: They didn't have telescopes, so they didn't know about all the planets.)
...
(Alex: [To William] Nope, not visible to the naked eye at that time.)
...
(Alex: [To Olivia] If you had gone one planet more to [*], you'd've had the correct response.)
ArjunWhat is Neptune?
$2,600
WilliamWhat is Neptune?
$2,800
OliviaWhat is Mars Jupiter?
$6,600
Saturn

Final scores:

Arjun William Olivia
$4,800 $10,800 $7,800
3rd place: $5,000 if eliminated Automatic semifinalist 2nd place: $5,000 if eliminated

Game dynamics:

Coryat scores:

Arjun William Olivia
$7,400 $12,600 $15,200
12 R,
1 W
21 R
(including 1 DD),
4 W
15 R
(including 1 DD),
1 W
(including 1 DD)

Combined Coryat: $35,200

[game clues] [game scores] [suggest correction]

Game tape date: 2012-11-19
The J! Archive is created by fans, for fans. Scraping, republication, monetization, and malicious use prohibited; this site may use cookies and collect identifying information. See terms. The Jeopardy! game show and all elements thereof, including but not limited to copyright and trademark thereto, are the property of Jeopardy Productions, Inc. and are protected under law. This website is not affiliated with, sponsored by, or operated by Jeopardy Productions, Inc. Join the discussion at JBoard.tv.